[Event "SR 1. liga zapad 2012/2013"]
[Site "?"]
[Date "2013.01.13"]
[Round "6.5"]
[White "Pinter, Patrik"]
[Black "Voros, Gellert"]
[Result "1-0"]
[WhiteElo "2164"]
[BlackElo "2042"]
[PlyCount "111"]
[EventDate "2012.??.??"]

1. e4 e5 2. Nf3 Nc6 3. Bb5 a6 4. Ba4 Nf6 5. O-O Nxe4 6. d4 b5 7. Bb3 d5 8. dxe5
Be6 9. c3 Bc5 10. Qd3 Ne7 11. Be3 Bf5 12. Qe2 h6 13. Nbd2 Bxe3 14. Qxe3 Nxd2
15. Nxd2 O-O 16. Qc5 Qd7 17. Nf3 Rfe8 18. Nd4 Rad8 19. Rad1 Bg4 20. f3 Bh5 21.
Rfe1 c6 22. Bc2 Ra8 23. Rd2 Qa7 24. Nb3 Bg6 25. Bd1 a5 26. Qxa7 Rxa7 27. Kf2 b4
28. Nc5 Rc8 29. Ba4 Rcc7 30. g4 h5 31. h3 hxg4 32. hxg4 f5 33. Kg3 fxg4 34.
fxg4 Be8 35. Rf2 Nc8 36. e6 Nb6 37. Bc2 g6 38. Ref1 Re7 39. Bd3 Kg7 40. g5 Rac7
41. Rh1 Kg8 42. Rfh2 Rh7 43. Rxh7 Rxh7 44. Rxh7 Kxh7 45. Kf4 Kg7 46. Ke5 Nc8
47. Nb7 bxc3 48. bxc3 a4 49. a3 Kf8 50. Kf6 Ne7 51. Nc5 Ng8+ 52. Ke5 Ke7 53.
Nxa4 Kd8 54. Kd6 Ne7 55. Nb6 Nf5+ 56. Bxf5 1-0

[Event "SR 1. liga zapad 2012/2013"]
[Site "?"]
[Date "2013.01.13"]
[Round "6.5"]
[White "Reisel, Frantisek"]
[Black "Hegedus, Roland"]
[Result "1/2-1/2"]
[WhiteElo "2005"]
[BlackElo "2007"]
[PlyCount "72"]
[EventDate "2012.??.??"]

1. d4 Nf6 2. c4 g6 3. Nc3 Bg7 4. e4 O-O 5. Nf3 d6 6. h3 Nbd7 7. Be3 e5 8. dxe5
dxe5 9. Qd2 c6 10. Be2 Qc7 11. g4 Rd8 12. O-O-O Bf8 13. Nh2 Be7 14. Qc2 Nf8 15.
Rxd8 Bxd8 16. Rd1 Be6 17. Nf1 Be7 18. Ng3 Rd8 19. Rxd8 Qxd8 20. Na4 Qa5 21. b3
Ba3+ 22. Kb1 Qe1+ 23. Qd1 Qxd1+ 24. Bxd1 b6 25. Nb2 Be7 26. Nd3 N6d7 27. Kc2 f6
28. Bd2 Bf7 29. Bb4 c5 30. Bd2 Ne6 31. Ne2 g5 32. Be3 Bg6 33. Ng3 Nb8 34. Ne1
Nc6 35. a3 a5 36. Nf3 Kf7 1/2-1/2

[Event "SR 1. liga zapad 2012/2013"]
[Site "?"]
[Date "2013.01.13"]
[Round "6.6"]
[White "Chlpik, Martin"]
[Black "Barczi, Tibor"]
[Result "0-1"]
[WhiteElo "2099"]
[BlackElo "2070"]
[PlyCount "62"]
[EventDate "2012.??.??"]

1. e4 e6 2. d4 d5 3. Nc3 Bb4 4. e5 c5 5. a3 Bxc3+ 6. bxc3 Ne7 7. Qg4 Qc7 8.
Qxg7 Rg8 9. Qxh7 cxd4 10. Ne2 Nbc6 11. f4 Bd7 12. Qd3 dxc3 13. Nxc3 a6 14. g3
Rc8 15. Ne2 Na7 16. Be3 Bb5 17. Qd2 Nac6 18. a4 Bc4 19. a5 d4 20. Nxd4 Bd5 21.
Bg2 Nxa5 22. Bxd5 Nxd5 23. Rxa5 Nxe3 24. Ra2 Qc4 25. c3 Qd5 26. Rg1 Qe4 27. Ne2
Rd8 28. Qb2 Rd1+ 29. Kf2 Rxg1 30. Nxg1 Nd1+ 31. Kf1 Nxb2 0-1

[Event "SR 1. liga zapad 2012/2013"]
[Site "?"]
[Date "2013.01.13"]
[Round "6.6"]
[White "Foldesi, Marek"]
[Black "Nagy, Attilla"]
[Result "1/2-1/2"]
[WhiteElo "2070"]
[BlackElo "1868"]
[PlyCount "84"]
[EventDate "2012.??.??"]

1. d4 Nf6 2. Nf3 g6 3. g3 Bg7 4. Bg2 O-O 5. O-O d5 6. c4 c5 7. cxd5 cxd4 8.
Nxd4 Nxd5 9. Nb5 Nb4 10. Qb3 Qa5 11. Nc7 Qxc7 12. Qxb4 Nc6 13. Qc5 Qe5 14. Qxe5
Bxe5 15. Nc3 Rd8 16. Bf4 Bxf4 17. gxf4 Rd2 18. Rab1 Bg4 19. Bxc6 bxc6 20. f3
Bh3 21. Rfd1 Rad8 22. Kf2 Bf5 23. Ke1 R2d4 24. Rbc1 R8d7 25. Rxd4 Rxd4 26. e4
Be6 27. Rd1 c5 28. Rxd4 cxd4 29. Nb5 d3 30. Nxa7 Bxa2 31. Kd2 Bc4 32. Nc6 Kf8
33. Ne5 Bb5 34. Nxd3 Bc6 35. Ke3 e6 36. Ne5 Bb7 37. Nc4 Ke7 38. e5 f5 39. Nd6
Bd5 40. b4 Kd7 41. h4 Bc6 42. Ne8 h5 1/2-1/2

[Event "SR 1. liga zapad 2012/2013"]
[Site "?"]
[Date "2013.01.13"]
[Round "6.6"]
[White "Husari, Satea"]
[Black "Berek, Geza"]
[Result "1/2-1/2"]
[WhiteElo "2290"]
[BlackElo "2158"]
[PlyCount "56"]
[EventDate "2012.??.??"]

1. d4 g6 2. c4 Bg7 3. e4 d6 4. Nc3 Nf6 5. Nf3 O-O 6. Be2 e5 7. O-O Nc6 8. d5
Ne7 9. Ne1 Nd7 10. Nd3 f5 11. Bd2 Nf6 12. f3 f4 13. Rc1 g5 14. c5 Ng6 15. cxd6
cxd6 16. Nb5 Rf7 17. Qc2 Ne8 18. a4 h5 19. Nf2 Bd7 20. Qb3 Bf8 21. Rc2 a6 22.
Na3 Rg7 23. h3 Nf6 24. Rfc1 Nh4 25. Rc7 Rg6 26. Qxb7 Rb8 27. Qa7 Ra8 28. Qb7
Rb8 1/2-1/2

[Event "SR 1. liga zapad 2012/2013"]
[Site "?"]
[Date "2013.01.13"]
[Round "6.6"]
[White "Kral, Klaudia"]
[Black "Svaralova, Monika"]
[Result "1/2-1/2"]
[WhiteElo "1871"]
[BlackElo "2021"]
[PlyCount "60"]
[EventDate "2012.??.??"]

1. e4 e6 2. d4 d5 3. e5 c5 4. c3 Nc6 5. Nf3 Bd7 6. a3 Nge7 7. Bd3 cxd4 8. cxd4
Qb6 9. Bc2 Nf5 10. Bxf5 exf5 11. Nc3 Be6 12. b4 Rc8 13. Ne2 a5 14. bxa5 Nxa5
15. O-O Be7 16. Bg5 Bxg5 17. Nxg5 O-O 18. Rb1 Qa6 19. Nf4 h6 20. Nf3 Nc4 21.
Qb3 Rc7 22. a4 Ra8 23. Ra1 b6 24. Nd3 Rca7 25. Nb4 Qc8 26. Ra2 Qd7 27. Rfa1 Na5
28. Qd3 Nc4 29. Qb3 Na5 30. Qd3 Nc4 1/2-1/2

[Event "SR 1. liga zapad 2012/2013"]
[Site "?"]
[Date "2013.01.13"]
[Round "6.6"]
[White "Szegi, Tamas"]
[Black "Balog, Imre"]
[Result "0-1"]
[WhiteElo "2228"]
[BlackElo "2554"]
[PlyCount "86"]
[EventDate "2012.??.??"]

1. b3 b6 2. Nf3 Bb7 3. Bb2 e6 4. e3 f5 5. d3 Nf6 6. Nbd2 Bc5 7. Be2 O-O 8. Ne5
Be7 9. Rg1 d6 10. Nef3 c5 11. Ng5 Qd7 12. g4 f4 13. Bf3 fxe3 14. fxe3 Nd5 15.
Nxh7 Bh4+ 16. Ke2 Kxh7 17. Be4+ Kg8 18. Nf3 Bf6 19. Qf1 Nc3+ 20. Bxc3 Bxe4 21.
Bxf6 Bxf3+ 22. Qxf3 gxf6 23. g5 f5 24. g6 Kg7 25. Qxa8 Nc6 26. Qxf8+ Kxf8 27.
g7+ Kg8 28. Rg3 f4 29. exf4 Nd4+ 30. Kd2 Qf7 31. Rf1 Qh5 32. Rf2 Nf5 33. Rg5
Qh4 34. Ke2 Nd4+ 35. Kf1 Qh3+ 36. Rgg2 Nf5 37. Kg1 Qe3 38. Rg5 Nxg7 39. Rg3
Qc1+ 40. Rf1 Qb2 41. f5 Qd4+ 42. Rf2 exf5 43. c3 Qd5 0-1

[Event "SR 1. liga zapad 2012/2013"]
[Site "?"]
[Date "2013.01.13"]
[Round "6.6"]
[White "Urban, Gabor"]
[Black "Nikel, Rastislav"]
[Result "1/2-1/2"]
[WhiteElo "1958"]
[BlackElo "2073"]
[PlyCount "62"]
[EventDate "2012.??.??"]

1. c4 e5 2. Nc3 f5 3. d3 Nf6 4. g3 g6 5. Bg2 Bg7 6. e3 O-O 7. Nge2 d6 8. O-O a5
9. Rb1 Na6 10. a3 g5 11. f4 h6 12. b4 axb4 13. axb4 Qe8 14. Nd5 Nxd5 15. Bxd5+
Kh8 16. Bg2 c6 17. Bd2 Be6 18. Bc3 Qf7 19. Nc1 e4 20. Bxg7+ Qxg7 21. Qc2 d5 22.
cxd5 cxd5 23. d4 Rfc8 24. Qd2 b6 25. Na2 Qd7 26. Rfc1 Rxc1+ 27. Rxc1 Rc8 28.
Rxc8+ Qxc8 29. Qe2 gxf4 30. gxf4 Qc4 31. Bf1 Qxa2 1/2-1/2

[Event "SR 1. liga zapad 2012/2013"]
[Site "?"]
[Date "2013.01.13"]
[Round "6.7"]
[White "Szitkey, Milan"]
[Black "Hecko, Dusan"]
[Result "1-0"]
[WhiteElo "2035"]
[BlackElo "2073"]
[Annotator "Fritz 12 (20s)"]
[PlyCount "57"]
[EventDate "2012.??.??"]

{B01: Scandinavian Defence} 1. e4 d5 2. exd5 Qxd5 3. Nc3 Qd6 4. d4 Nf6 5. Nf3
Bf5 {N} (5... a6 6. g3 Bg4 7. Bg2 Nc6 8. Bf4 $2 Qb4 9. h3 Bh5 10. g4 Bg6 11.
Qd2 O-O-O 12. O-O-O e6 13. Qe3 Qb6 14. a3 Bd6 15. Ne5 Bxe5 16. Bxe5 h5 $14) 6.
Bd3 Bxd3 7. Qxd3 c6 8. O-O e6 9. Bg5 Nbd7 10. Bh4 Qc7 11. Ne4 Nxe4 12. Qxe4 Nf6
13. Qe2 Be7 14. Bg3 Bd6 15. Be5 O-O-O 16. c4 Rd7 17. b4 Ng4 18. c5 Bxe5 $14 19.
dxe5 Rd5 20. Rfe1 Rhd8 21. h3 Nh6 $11 22. Ng5 Rd2 (22... Kb8 23. Rad1 $11) 23.
Qh5 $14 Rb2 24. a3 $16 a5 25. Ne4 $18 axb4 $4 26. axb4 Rxb4 27. Ra8+ Kd7 28.
Rd1+ Ke7 29. Qg5+ 1-0

[Event "SR 1. liga zapad 2012/2013"]
[Site "?"]
[Date "2013.02.03"]
[Round "7.1"]
[White "Bednar, Jan"]
[Black "Spacek, Oliver"]
[Result "1-0"]
[WhiteElo "2143"]
[BlackElo "1977"]
[PlyCount "61"]
[EventDate "2012.??.??"]

1. d4 Nf6 2. Nf3 d6 3. c4 g6 4. Nc3 Bg7 5. e4 O-O 6. Be2 e5 7. O-O Nc6 8. d5
Ne7 9. Ne1 Nd7 10. Nd3 f5 11. b4 Nf6 12. f3 f4 13. a4 g5 14. a5 h5 15. h3 Kh8
16. c5 Neg8 17. c6 bxc6 18. dxc6 Nh6 19. Nf2 Qe8 20. b5 Qg6 21. Ra3 Rg8 22. b6
axb6 23. axb6 Rxa3 24. Bxa3 g4 25. hxg4 hxg4 26. Bc4 Nh7 27. Nxg4 Bxg4 28. Bxg8
Bh3 29. Rf2 Nxg8 30. b7 Qe8 31. Bxd6 1-0

[Event "SR 1. liga zapad 2012/2013"]
[Site "?"]
[Date "2013.02.03"]
[Round "7.1"]
[White "Bury, Rastislav"]
[Black "Federic, Jozef"]
[Result "1/2-1/2"]
[WhiteElo "2099"]
[BlackElo "2299"]
[PlyCount "69"]
[EventDate "2012.??.??"]

1. e4 c5 2. Nf3 e6 3. d4 cxd4 4. Nxd4 Nf6 5. Nc3 Nc6 6. Ndb5 Bb4 7. a3 Bxc3+ 8.
Nxc3 d5 9. exd5 exd5 10. Bd3 O-O 11. O-O d4 12. Ne2 Bg4 13. Bg5 Qd6 14. Re1
Rfe8 15. Qd2 Bxe2 16. Bf4 Qd7 17. Bxe2 Ne4 18. Qd3 Nc5 19. Qc4 Qf5 20. Bf3 Ne4
21. Qd3 Qxf4 22. Rxe4 Rxe4 23. Qxe4 Qf6 24. Rd1 g6 25. Qd5 Re8 26. Qb5 Re7 27.
Kf1 Qf4 28. Bxc6 bxc6 29. Qxc6 Qxh2 30. Qc8+ Kg7 31. Qh3 Qe5 32. Qd3 f6 33. Kg1
Qc5 34. Qd2 Rc7 35. Qxd4 1/2-1/2

[Event "SR 1. liga zapad 2012/2013"]
[Site "?"]
[Date "2013.02.03"]
[Round "7.1"]
[White "Helbich, Branislav"]
[Black "Hanzluvka, Peter"]
[Result "1-0"]
[WhiteElo "2036"]
[BlackElo "2032"]
[PlyCount "87"]
[EventDate "2012.??.??"]

1. e4 c5 2. Nf3 d6 3. d4 cxd4 4. Nxd4 Nf6 5. Bd3 e6 6. c4 Qb6 7. Nb5 a6 8. Be3
Qa5+ 9. N5c3 Bd7 10. Nd2 Nc6 11. O-O Ne5 12. Be2 Be7 13. f4 Ng6 14. f5 Ne5 15.
fxe6 fxe6 16. Qb3 Qc7 17. Bb6 Qc6 18. Nf3 O-O 19. Nd4 Qc8 20. Rad1 Kh8 21. Nf3
Ng6 22. Be3 Bc6 23. Bd3 Ng4 24. Bc1 d5 25. Qc2 Bc5+ 26. Kh1 Qc7 27. exd5 exd5
28. cxd5 Bd7 29. Ne4 Rac8 30. Nxc5 Qxc5 31. Qxc5 Rxc5 32. Bxg6 hxg6 33. h3 Nf6
34. d6 Rfc8 35. b3 Rc2 36. a3 Ne4 37. Kh2 Re2 38. Nd4 Ra2 39. Rf7 Nf6 40. Bg5
Kg8 41. Re7 Rd8 42. a4 Rb2 43. Rf1 Bc8 44. Rxg7+ 1-0

[Event "SR 1. liga zapad 2012/2013"]
[Site "?"]
[Date "2013.02.03"]
[Round "7.1"]
[White "Machalova, Veronika"]
[Black "Jozefek, Michal"]
[Result "1/2-1/2"]
[WhiteElo "2211"]
[BlackElo "2060"]
[PlyCount "122"]
[EventDate "2012.??.??"]

1. e4 c5 2. Nf3 Nc6 3. d3 g6 4. g3 Bg7 5. Bg2 e6 6. c3 d5 7. Nbd2 Nge7 8. O-O
O-O 9. Re1 b6 10. Qe2 Bb7 11. e5 Qc7 12. Nf1 h6 13. h4 Rac8 14. N1h2 Kh7 15.
Bf4 b5 16. Ng4 Ng8 17. Qd2 Qd8 18. d4 cxd4 19. Nxd4 Nxd4 20. cxd4 h5 21. Bg5
Qb6 22. Nf6+ Bxf6 23. exf6 Rc4 24. Red1 Rfc8 25. Rac1 Qc7 26. Rxc4 dxc4 27.
Bxb7 Qxb7 28. d5 Rd8 29. d6 Qf3 30. Qd4 Nh6 31. Bxh6 Kxh6 32. Qf4+ Qxf4 33.
gxf4 Rd7 34. Rd4 Kh7 35. Kg2 Kg8 36. Kf3 Kf8 37. a4 a6 38. axb5 axb5 39. Ke4
Ke8 40. Ke5 Ra7 41. f5 gxf5 42. Rd1 Ra2 43. d7+ Kd8 44. Kd6 b4 45. Rc1 c3 46.
bxc3 Ra6+ 47. Kc5 bxc3 48. Rxc3 Kxd7 49. Rd3+ Kc7 50. Rg3 Ra5+ 51. Kb4 f4 52.
Rg7 Rf5 53. Rxf7+ Kd6 54. Kc4 Ke5 55. Kd3 Rxf6 56. Rh7 Rf5 57. Ra7 Kf6 58. Ke4
Rb5 59. Kxf4 e5+ 60. Kg3 Rb3+ 61. Kg2 Rb4 1/2-1/2

[Event "SR 1. liga zapad 2012/2013"]
[Site "?"]
[Date "2013.02.03"]
[Round "7.1"]
[White "Meszaros, Michal"]
[Black "Maslik, Miroslav"]
[Result "1/2-1/2"]
[WhiteElo "2412"]
[BlackElo "2376"]
[PlyCount "55"]
[EventDate "2012.??.??"]

1. e4 c5 2. Nf3 Nc6 3. Nc3 e5 4. Bc4 Be7 5. d3 d6 6. O-O Nf6 7. Ng5 O-O 8. f4
exf4 9. Bxf4 Ne5 10. Bb3 Nfg4 11. Nf3 Bf6 12. Kh1 Nxf3 13. Qxf3 Be5 14. Qg3 Kh8
15. h3 Bxf4 16. Rxf4 Ne5 17. Raf1 f6 18. Nd1 Qe8 19. Bd5 Rb8 20. Ne3 Ng6 21.
R4f3 Qe5 22. Qf2 b5 23. c3 Ne7 24. Bb3 Bd7 25. Rf4 Ng6 26. Rf3 Ne7 27. Rf4 Ng6
28. Rf3 1/2-1/2

[Event "SR 1. liga zapad 2012/2013"]
[Site "?"]
[Date "2013.02.03"]
[Round "7.1"]
[White "Rohacek, Miroslav"]
[Black "Pagerka, Martin"]
[Result "1/2-1/2"]
[WhiteElo "2308"]
[BlackElo "2261"]
[PlyCount "22"]
[EventDate "2012.??.??"]

1. d4 d5 2. c4 e6 3. Nc3 c5 4. e3 Nf6 5. Nf3 Nc6 6. a3 a6 7. dxc5 Bxc5 8. b4
Ba7 9. Bb2 dxc4 10. Qxd8+ Kxd8 11. Bxc4 b5 1/2-1/2

[Event "SR 1. liga zapad 2012/2013"]
[Site "?"]
[Date "2013.02.03"]
[Round "7.1"]
[White "Zatko, Gregor"]
[Black "Bagi, Mate"]
[Result "0-1"]
[WhiteElo "2140"]
[BlackElo "2334"]
[PlyCount "108"]
[EventDate "2012.??.??"]

1. Nf3 Nf6 2. d4 g6 3. Bf4 Bg7 4. e3 O-O 5. h3 d6 6. Be2 c5 7. c3 b6 8. O-O Bb7
9. Nbd2 Nbd7 10. Bh2 Rc8 11. Re1 Ne4 12. a4 Nxd2 13. Nxd2 a6 14. Bf3 Qc7 15.
Bxb7 Qxb7 16. Qf3 Qxf3 17. Nxf3 Rfd8 18. Red1 d5 19. Ne5 Nxe5 20. Bxe5 f6 21.
Bg3 Kf7 22. f3 Bh6 23. Bf2 c4 24. e4 Rc6 25. Bg3 Rd7 26. Re1 e6 27. Re2 Bf8 28.
Bf4 Be7 29. Kf2 Rb7 30. exd5 exd5 31. Ra2 Re6 32. Rxe6 Kxe6 33. Ke2 h5 34. Ra1
g5 35. Be3 Bd6 36. Kd2 Bg3 37. Rf1 b5 38. axb5 Rxb5 39. Kc2 Kf5 40. Ra1 a5 41.
Rf1 Rb8 42. Ra1 Bc7 43. g4+ Kg6 44. Rf1 Re8 45. Re1 hxg4 46. hxg4 Rh8 47. Rf1
Rh3 48. Kd1 f5 49. Ke2 Rh8 50. Kd1 Rh2 51. f4 gxf4 52. Bxf4 Bxf4 53. Rxf4 fxg4
54. Rxg4+ Kf5 0-1

[Event "SR 1. liga zapad 2012/2013"]
[Site "?"]
[Date "2013.02.03"]
[Round "7.2"]
[White "Arendas, Marek"]
[Black "Belak, Stefan"]
[Result "1-0"]
[WhiteElo "2085"]
[BlackElo "2001"]
[PlyCount "71"]
[EventDate "2012.??.??"]

1. e4 e6 2. d4 d5 3. exd5 exd5 4. c4 Nf6 5. Nf3 Be7 6. h3 c6 7. Nc3 O-O 8. Qb3
Re8 9. Be3 a5 10. c5 Nbd7 11. Bd3 Qc7 12. O-O Nf8 13. Rfe1 Ne6 14. Rac1 Bd7 15.
Na4 Nf4 16. Bb1 g6 17. Ne5 Ne6 18. Nb6 Rad8 19. Qc3 Bc8 20. Qxa5 Bf8 21. Qb4
Bg7 22. Nf3 Nh5 23. Qd2 f5 24. Bh6 Bf6 25. h4 f4 26. Ne5 Nxd4 27. Nxc8 Bxe5 28.
Nd6 Rxd6 29. cxd6 Qxd6 30. Qd3 f3 31. gxf3 Re6 32. f4 Nxf4 33. Bxf4 Bxf4 34.
Qxd4 Bxc1 35. Rxc1 Re4 36. Bxe4 1-0

[Event "SR 1. liga zapad 2012/2013"]
[Site "?"]
[Date "2013.02.03"]
[Round "7.2"]
[White "Borosova, Zuzana"]
[Black "Szucs, Vladimir"]
[Result "1/2-1/2"]
[WhiteElo "2264"]
[BlackElo "2239"]
[PlyCount "26"]
[EventDate "2012.??.??"]

1. e4 c5 2. Nf3 g6 3. Bc4 Nc6 4. O-O Bg7 5. c3 e6 6. Re1 Nge7 7. Bf1 d5 8. d3
O-O 9. Nbd2 e5 10. Nb3 b6 11. Bg5 Be6 12. Qd2 d4 13. c4 f6 1/2-1/2

[Event "SR 1. liga zapad 2012/2013"]
[Site "?"]
[Date "2013.02.03"]
[Round "7.2"]
[White "Drtina, Milan"]
[Black "Chovanec, Milan"]
[Result "1-0"]
[WhiteElo "2202"]
[BlackElo "2153"]
[PlyCount "57"]
[EventDate "2012.??.??"]

1. e4 Nf6 2. e5 Nd5 3. d4 d6 4. c4 Nb6 5. exd6 exd6 6. Bd3 Nc6 7. Ne2 Nb4 8.
O-O Be7 9. Nbc3 Nxd3 10. Qxd3 g6 11. Bh6 Bf5 12. Qf3 c6 13. Ng3 Qd7 14. Nxf5
gxf5 15. c5 dxc5 16. dxc5 Nd5 17. Nxd5 cxd5 18. Rfe1 O-O-O 19. Re5 f6 20. Rxf5
d4 21. c6 bxc6 22. Rc1 Kb7 23. Rb5+ Ka6 24. Rb3 Rb8 25. Qd3+ Ka5 26. Bd2+ Bb4
27. Rc5+ Rb5 28. Rxb5+ cxb5 29. Rxb4 1-0

[Event "SR 1. liga zapad 2012/2013"]
[Site "?"]
[Date "2013.02.03"]
[Round "7.2"]
[White "Jakubek, Peter"]
[Black "Lukac, Roman"]
[Result "1/2-1/2"]
[WhiteElo "2136"]
[BlackElo "2127"]
[PlyCount "98"]
[EventDate "2012.??.??"]

1. d4 Nf6 2. Bg5 c5 3. Bxf6 gxf6 4. d5 f5 5. e3 Qb6 6. Qc1 Bg7 7. c3 e5 8. Na3
d6 9. Bb5+ Ke7 10. Ne2 Qc7 11. Ng3 a6 12. Bd3 e4 13. Be2 Re8 14. O-O b5 15. f3
Kd8 16. fxe4 fxe4 17. Bh5 Re7 18. Qc2 Be5 19. Qf2 Ra7 20. Rae1 Nd7 21. Nf5 Nf6
22. Nxe7 Qxe7 23. Qh4 Nxh5 24. Qxh5 f5 25. Re2 Qf6 26. Nb1 Rg7 27. Nd2 Qg6 28.
Qxg6 hxg6 29. g4 Kc7 30. Rg2 Rh7 31. Rd1 c4 32. gxf5 gxf5 33. Nf1 Kb6 34. Rg8
Bd7 35. Ng3 f4 36. exf4 Bxf4 37. Nxe4 Rxh2 38. Rg2 Rh4 39. Ng5 Be3+ 40. Kf1 Bf5
41. Ke2 Bxg5 42. Rxg5 Bg4+ 43. Rxg4 Rxg4 44. Kf3 Rg5 45. b4 cxb3 46. axb3 Kc5
47. Ra1 Rxd5 48. Ke3 Kb6 49. b4 Rh5 1/2-1/2

[Event "SR 1. liga zapad 2012/2013"]
[Site "?"]
[Date "2013.02.03"]
[Round "7.2"]
[White "Mikusik, Marian"]
[Black "Miklas, Marian"]
[Result "1-0"]
[WhiteElo "2111"]
[BlackElo "2142"]
[PlyCount "95"]
[EventDate "2012.??.??"]

1. d4 Nf6 2. c4 g6 3. Nc3 Bg7 4. e4 d6 5. Be2 O-O 6. Nf3 e5 7. O-O Nc6 8. d5
Ne7 9. b4 a5 10. bxa5 Rxa5 11. a4 b6 12. Ba3 Ne8 13. Bb4 Ra8 14. a5 c5 15. dxc6
Nxc6 16. Ba3 Nxa5 17. c5 bxc5 18. Bxc5 Be6 19. Bb4 Nc6 20. Rxa8 Qxa8 21. Bxd6
Nxd6 22. Qxd6 Rd8 23. Qc5 Nd4 24. Bd1 Rc8 25. Qb4 Qc6 26. Nd5 Bxd5 27. Nxd4
exd4 28. exd5 Qxd5 29. Bf3 Qe5 30. Rd1 Qf4 31. Qb7 Rd8 32. Qe4 Qd6 33. Qd3 Be5
34. g3 h5 35. Rc1 Kg7 36. Bg2 h4 37. Kf1 hxg3 38. hxg3 Bf6 39. Rc6 Qe5 40. Rc1
Qa5 41. Be4 Re8 42. Kg2 Qe5 43. Bf3 Re7 44. Rc2 Ra7 45. Re2 Qd6 46. Re8 Ra3 47.
Qd1 Qc5 48. Qh1 1-0

[Event "SR 1. liga zapad 2012/2013"]
[Site "?"]
[Date "2013.02.03"]
[Round "7.2"]
[White "Motuz, Karol"]
[Black "Likavsky, Tomas"]
[Result "0-1"]
[WhiteElo "2397"]
[BlackElo "2449"]
[PlyCount "78"]
[EventDate "2012.??.??"]

1. d4 Nf6 2. c4 g6 3. Nc3 Bg7 4. e4 d6 5. f3 a6 6. Be3 Nbd7 7. Nh3 O-O 8. Be2
c6 9. O-O b5 10. Nf2 bxc4 11. Bxc4 a5 12. Rc1 Nb6 13. Be2 a4 14. Kh1 Ba6 15.
Nd3 Qb8 16. Nb4 Bxe2 17. Nxe2 Qb7 18. Nxc6 e6 19. Qd3 Rfc8 20. Qb5 d5 21. e5
Ne8 22. Na5 Qa7 23. Bd2 Nc7 24. Qd3 Bf8 25. Rc6 Na6 26. Qb5 Rcb8 27. Rc2 Nc4
28. Qxa4 Nb4 29. Rxc4 dxc4 30. a3 Qxa5 31. Qd1 Qa4 32. Bxb4 Bxb4 33. axb4 Qxd1
34. Rxd1 Rxb4 35. d5 Rxb2 36. Nc3 Rb3 37. Ne4 exd5 38. Nf6+ Kg7 39. Nxd5 Rd3
0-1

[Event "SR 1. liga zapad 2012/2013"]
[Site "?"]
[Date "2013.02.03"]
[Round "7.2"]
[White "Nicolini, Alexander"]
[Black "Obona, Jan"]
[Result "1/2-1/2"]
[WhiteElo "2134"]
[BlackElo "2147"]
[PlyCount "82"]
[EventDate "2012.??.??"]

1. e4 c5 2. c4 Nc6 3. Ne2 g6 4. g3 Bg7 5. Bg2 e6 6. Nbc3 Nge7 7. O-O O-O 8. d3
d6 9. Rb1 a6 10. h3 Rb8 11. a4 Bd7 12. Bd2 b6 13. Kh2 Bc8 14. f4 Bb7 15. g4 f5
16. Ng3 Nd4 17. b4 Bc6 18. b5 axb5 19. Nxb5 Nxb5 20. axb5 Bb7 21. Be3 d5 22. e5
Qc7 23. g5 h6 24. h4 hxg5 25. hxg5 Kf7 26. Qe2 Ra8 27. Bf2 Rh8+ 28. Kg1 Ra3 29.
Ra1 Rha8 30. Rxa3 Rxa3 31. Rc1 Qc8 32. Nf1 Qa8 33. Ne3 Ra2 34. Qd1 Qa3 35. Rb1
Qa8 36. Qb3 Ra3 37. Qc2 Ra2 38. Rb2 Ra1+ 39. Rb1 Ra2 40. Rb2 Ra1+ 41. Rb1 Ra2
1/2-1/2

[Event "SR 1. liga zapad 2012/2013"]
[Site "?"]
[Date "2013.02.03"]
[Round "7.2"]
[White "Vojtek, Vladimir"]
[Black "Banas, Jan"]
[Result "0-1"]
[WhiteElo "2283"]
[BlackElo "2275"]
[PlyCount "94"]
[EventDate "2012.??.??"]

1. d4 Nf6 2. Nf3 c5 3. e3 g6 4. Nc3 Bg7 5. Be2 O-O 6. O-O d6 7. dxc5 dxc5 8. e4
Nc6 9. Be3 b6 10. h3 Bb7 11. Re1 Qxd1 12. Raxd1 Nb4 13. e5 Ne4 14. Rd7 Bc8 15.
Rxe7 Nxc3 16. bxc3 Nd5 17. Bg5 Nxe7 18. Bxe7 Re8 19. Bd6 Bd7 20. Bc4 h6 21. Bd5
Rad8 22. c4 Bf8 23. Bxf8 Kxf8 24. Re3 Be6 25. Bc6 Re7 26. Bb5 Rd1+ 27. Kh2 Rc1
28. Re2 Bd7 29. a4 Ra1 30. Kg3 a6 31. Bxa6 Rxa4 32. Bb7 Rxc4 33. Bd5 Rc3 34.
Kf4 Bf5 35. Ne1 Bd7 36. h4 Be6 37. Bf3 Rd7 38. Kg3 Rd4 39. h5 g5 40. Kh2 Bc4
41. Nd3 Bxd3 42. cxd3 Rcxd3 43. Ra2 Rh4+ 44. Kg1 g4 45. Be2 Rd4 46. f4 g3 47.
f5 Ra4 0-1

[Event "SR 1. liga zapad 2012/2013"]
[Site "?"]
[Date "2013.02.03"]
[Round "7.3"]
[White "Chlpik, Martin"]
[Black "Kukel, Imre 1985"]
[Result "1-0"]
[WhiteElo "2099"]
[BlackElo "2260"]
[PlyCount "37"]
[EventDate "2012.??.??"]

1. e4 c5 2. Nf3 a6 3. c3 d5 4. exd5 Qxd5 5. d4 Nf6 6. Be2 cxd4 7. cxd4 e6 8.
O-O Be7 9. Nc3 Qd6 10. Bg5 Nbd7 11. Qd2 b5 12. Rac1 Bb7 13. Bxb5 axb5 14. Nxb5
Qb6 15. Nc7+ Kd8 16. Ne5 Rf8 17. Nxa8 Bxa8 18. Qc2 Bd6 19. Qc8+ 1-0

[Event "SR 1. liga zapad 2012/2013"]
[Site "?"]
[Date "2013.02.03"]
[Round "7.3"]
[White "Chovanec, Vladimir"]
[Black "Peitl, Tomas"]
[Result "0-1"]
[WhiteElo "2095"]
[BlackElo "2220"]
[PlyCount "92"]
[EventDate "2012.??.??"]

1. e4 e6 2. d3 d5 3. Nd2 c5 4. Ngf3 Nc6 5. g3 Nf6 6. Bg2 g6 7. O-O Bg7 8. Re1
O-O 9. c3 b6 10. e5 Nd7 11. d4 b5 12. Nf1 b4 13. h4 a5 14. Ne3 Qb6 15. Ng4 h5
16. Ngh2 a4 17. g4 hxg4 18. Nxg4 a3 19. cxb4 axb2 20. Bxb2 Qxb4 21. Qb3 c4 22.
Qc2 Ba6 23. h5 Ne7 24. Bc3 Qa3 25. h6 Bh8 26. Qd2 Rfb8 27. h7+ Kxh7 28. Qh6+
Kg8 29. Ng5 Nf8 30. Qh3 Nf5 31. Rec1 Qe7 32. f4 f6 33. Nf3 fxe5 34. fxe5 Qh7
35. Ng5 Qe7 36. Bd2 Rb2 37. Bc3 Rxg2+ 38. Qxg2 Qxg5 39. Bd2 Qh4 40. Rc3 Bg7 41.
Rh3 Qe7 42. Rf1 c3 43. Nh6+ Nxh6 44. Bxh6 Bxf1 45. Qxf1 Bxh6 46. Rxh6 Qg5+ 0-1

[Event "SR 1. liga zapad 2012/2013"]
[Site "?"]
[Date "2013.02.03"]
[Round "7.3"]
[White "Dolnak, Michal"]
[Black "Goga, Frantisek"]
[Result "1-0"]
[WhiteElo "2115"]
[BlackElo "1944"]
[PlyCount "123"]
[EventDate "2012.??.??"]

1. d4 Nf6 2. Nf3 g6 3. c4 Bg7 4. Nc3 O-O 5. e4 d6 6. Be2 e5 7. O-O Nc6 8. d5
Ne7 9. b4 a5 10. Ba3 axb4 11. Bxb4 b6 12. a4 Ba6 13. a5 bxa5 14. Bxa5 Nd7 15.
Qc2 Nc5 16. Bb4 Nd7 17. Ra2 Bb7 18. Rfa1 Rxa2 19. Qxa2 f5 20. Qa7 fxe4 21. Nxe4
Qa8 22. Nfg5 Qxa7 23. Rxa7 Rb8 24. Ba5 Nc8 25. Bxc7 Nxa7 26. Bg4 Bxd5 27. Bxb8
Nxb8 28. cxd5 h6 29. Be6+ Kf8 30. Nf7 Nb5 31. Nfxd6 Nxd6 32. Nxd6 Ke7 33. Ne4
Na6 34. Kf1 Nc7 35. d6+ Kxe6 36. dxc7 Kd7 37. Nd6 Kxc7 38. Ne8+ Kd7 39. Nxg7
Ke7 40. h4 Kf7 41. Nh5 gxh5 42. Ke2 Kf6 43. Ke3 Kf5 44. f3 Kf6 45. Ke4 Ke6 46.
g3 Kf6 47. f4 exf4 48. gxf4 Ke6 49. f5+ Kf7 50. Ke5 Ke7 51. f6+ Kf8 52. Kf4 Kg8
53. Ke4 Kf8 54. Ke5 Kf7 55. Kf5 Kf8 56. Kg6 Kg8 57. Kxh6 Kf7 58. Kg5 Kf8 59.
Kxh5 Kf7 60. Kg5 Kg8 61. Kg6 Kf8 62. f7 1-0

[Event "SR 1. liga zapad 2012/2013"]
[Site "?"]
[Date "2013.02.03"]
[Round "7.3"]
[White "Hacik, Radomir"]
[Black "Polacik, Igor"]
[Result "1-0"]
[WhiteElo "2185"]
[BlackElo "2172"]
[PlyCount "107"]
[EventDate "2012.??.??"]

1. e4 c5 2. Nf3 g6 3. d4 cxd4 4. Qxd4 Nf6 5. Nc3 Nc6 6. Qd1 Bg7 7. Bc4 O-O 8.
O-O d6 9. h3 Nd7 10. Qe2 Na5 11. Bd5 Nb6 12. Bd2 a6 13. Rfe1 e6 14. Bb3 Qc7 15.
Rad1 Nbc4 16. Bc1 b5 17. Qd3 Bb7 18. Bxc4 Nxc4 19. b3 Ne5 20. Nxe5 Bxe5 21. Ne2
Rac8 22. Rd2 Rfd8 23. Red1 Bf6 24. f4 d5 25. e5 Be7 26. Nd4 Bb4 27. Re2 Qc3 28.
Be3 Rd7 29. Bf2 Rdc7 30. Be1 Qxd3 31. Rxd3 Bc5 32. c3 a5 33. b4 axb4 34. cxb4
Bb6 35. Bf2 Rc1+ 36. Kh2 Bc6 37. Nb3 Bxf2 38. Nxc1 Be8 39. Rxf2 Rxc1 40. Rdd2
Rc4 41. a3 Rc3 42. Rc2 Rxa3 43. Rc8 Kf8 44. Rfc2 Ra7 45. R2c7 Rxc7 46. Rxc7 Kg7
47. Kg1 h6 48. h4 g5 49. hxg5 hxg5 50. Kf2 gxf4 51. Kf3 Kg6 52. Kxf4 f6 53. Rc8
Bd7 54. Rd8 1-0